[Event "GER OS-371 email"]
[Site "GER email"]
[Date "2019.03.28"]
[Round "?"]
[White "Huneke, Markus"]
[Black "Werner, Gregor"]
[Result "0-1"]
[WhiteElo "1188"]
[BlackElo "1736"]
[PlyCount "56"]
[EventDate "2019.04.05"]
[EventType "tourn (corr)"]
[EventRounds "6"]
[EventCountry "GER"]
[SourceTitle "Corr 2022"]
[Source "ChessBase"]
[SourceDate "2021.10.24"]
[SourceVersion "1"]
[SourceVersionDate "2021.10.24"]
[SourceQuality "1"]

1. e4 e6 2. d4 d5 3. e5 c5 4. c3 Nc6 5. Nf3 Qb6 6. Be2 cxd4 7. cxd4 Nh6 8. Nc3 Nf5 9. Bb5 Bd7 10. Bxc6 Bxc6 11. 0-0 h5 12. Rb1 Be7 13. Be3 Rc8 14. Qd2 0-0 15. Rfd1 Qd8 16. a3 a5 17. Qd3 Bd7 18. h3 Rc4 19. Nd2 Rc6 20. g4 hxg4 21. hxg4 Nh4 22. f4 f6 23. Kf2 Be8 24. Rh1 fxe5 25. dxe5 Bg6 26. f5 Nxf5 27. Bf4 Nh4 28. Kg3 Bxd3 0-1

[Event "GER OS-371 email"]
[Site "GER email"]
[Date "2019.03.28"]
[Round "?"]
[White "Werner, Gregor"]
[Black "Werner, Juergen"]
[Result "1-0"]
[WhiteElo "1736"]
[BlackElo "1522"]
[PlyCount "71"]
[EventDate "2019.04.05"]
[EventType "tourn (corr)"]
[EventRounds "6"]
[EventCountry "GER"]
[SourceTitle "Corr 2022"]
[Source "ChessBase"]
[SourceDate "2021.10.24"]
[SourceVersion "1"]
[SourceVersionDate "2021.10.24"]
[SourceQuality "1"]

1. f4 d5 2. Nf3 g6 3. g3 Bg7 4. Bg2 Nh6 5. 0-0 0-0 6. c3 Nd7 7. d4 Nf6 8. e3 Nf5 9. Qe2 c6 10. Nbd2 Ng4 11. Nb3 a5 12. Ne5 Nf6 13. c4 Ne4 14. Re1 a4 15. Nd2 f6 16. Nef3 Nxd2 17. Bxd2 Nd6 18. cxd5 cxd5 19. Bb4 Bg4 20. Rac1 Qd7 21. Qf1 Rfc8 22. Nd2 Be6 23. Rc5 b6 24. Rcc1 Nf5 25. Rxc8+ Rxc8 26. Nb1 Rc2 27. Bc3 Nd6 28. Na3 Rxg2+ 29. Qxg2 h5 30. Rc1 Nb5 31. Nxb5 Qxb5 32. Qf1 Qd7 33. Qa6 Bf5 34. Qxb6 Be4 35. Qa6 Qg4 36. Qf1 1-0

[Event "GER OS-370 email"]
[Site "GER email"]
[Date "2019.03.25"]
[Round "?"]
[White "Werner, Gregor"]
[Black "Guenther, Rainer"]
[Result "1-0"]
[WhiteElo "1637"]
[BlackElo "1295"]
[PlyCount "71"]
[EventDate "2019.03.31"]
[EventType "tourn (corr)"]
[EventRounds "6"]
[EventCountry "GER"]
[SourceTitle "Corr 2022"]
[Source "ChessBase"]
[SourceDate "2021.10.24"]
[SourceVersion "1"]
[SourceVersionDate "2021.10.24"]
[SourceQuality "1"]

1. f4 d5 2. Nf3 Nf6 3. g3 Nc6 4. Bg2 e6 5. 0-0 Be7 6. d3 0-0 7. e3 b6 8. b3 a5 9. c4 Bb7 10. Nc3 Na7 11. Bb2 c5 12. Ne5 Qc7 13. Qe2 d4 14. exd4 Bxg2 15. Qxg2 cxd4 16. Na4 Bc5 17. Rae1 Nd7 18. Nxd7 Qxd7 19. f5 Rae8 20. Nxc5 bxc5 21. Ba3 Rc8 22. fxe6 fxe6 23. Rxf8+ Rxf8 24. Bxc5 Re8 25. Qe4 Nc6 26. a3 e5 27. b4 axb4 28. axb4 Qc7 29. b5 Na5 30. Qd5+ Kh8 31. Bxd4 Nb3 32. Bxe5 Qb6+ 33. Kg2 Qh6 34. Bxg7+ Kxg7 35. Qd7+ Kf6 36. Rf1+ 1-0

[Event "GER-chT Betriebe 17th"]
[Site "Berlin"]
[Date "2017.11.05"]
[Round "7.3"]
[White "Schreiter, Thomas"]
[Black "Werner, Gregor"]
[Result "1/2-1/2"]
[WhiteElo "2016"]
[BlackElo "2128"]
[PlyCount "39"]
[EventDate "2017.11.02"]
[EventType "team-swiss"]
[EventRounds "7"]
[EventCountry "GER"]
[SourceTitle "EXT 2020"]
[Source "ChessBase"]
[SourceDate "2019.10.17"]
[SourceVersion "1"]
[SourceVersionDate "2019.10.17"]
[SourceQuality "1"]
[WhiteTeam "Leipzig Publishing Services"]
[BlackTeam "Wiesbaden R+V Versicherung"]
[WhiteTeamCountry "GER"]
[BlackTeamCountry "GER"]

1. d4 d5 2. c4 e6 3. Nc3 c5 4. Nf3 cxd4 5. Nxd4 Nf6 6. Bg5 Be7 7. e3 0-0 8. Rc1 Nc6 9. cxd5 exd5 10. Be2 h6 11. Bh4 Ne5 12. 0-0 Ng6 13. Bg3 Bd6 14. Bxd6 Qxd6 15. Bf3 Nh4 16. Ndb5 Nxf3+ 17. Qxf3 Qb6 18. Qf4 Be6 19. Qd4 Qxd4 20. Nxd4 1/2-1/2

[Event "GER-chT Betriebe 17th"]
[Site "Berlin"]
[Date "2017.11.04"]
[Round "6.3"]
[White "Schulze, Norbert"]
[Black "Werner, Gregor"]
[Result "0-1"]
[WhiteElo "1794"]
[BlackElo "2128"]
[PlyCount "60"]
[EventDate "2017.11.02"]
[EventType "team-swiss"]
[EventRounds "7"]
[EventCountry "GER"]
[SourceTitle "EXT 2020"]
[Source "ChessBase"]
[SourceDate "2019.10.17"]
[SourceVersion "1"]
[SourceVersionDate "2019.10.17"]
[SourceQuality "1"]
[WhiteTeam "Berlin Vattenfall"]
[BlackTeam "Wiesbaden R+V Versicherung"]
[WhiteTeamCountry "GER"]
[BlackTeamCountry "GER"]

1. d4 Nf6 2. c4 g6 3. Nc3 Bg7 4. e4 d6 5. f4 0-0 6. Nf3 c5 7. d5 e6 8. Be2 exd5 9. cxd5 Re8 10. Nd2 Na6 11. 0-0 Nc7 12. a4 b6 13. Re1 a6 14. Bf3 Rb8 15. Nc4 b5 16. axb5 axb5 17. Nxd6 Qxd6 18. e5 Qd8 19. d6 Ne6 20. exf6 Bxf6 21. Ne4 Bd4+ 22. Be3 Bb7 23. Bxd4 cxd4 24. d7 Rf8 25. f5 gxf5 26. Ng3 Qxd7 27. Nxf5 Kh8 28. Bxb7 Rxb7 29. Qe2 Qd5 30. Rad1 Qxf5 0-1

[Event "GER-chT Betriebe 16th"]
[Site "Dresden"]
[Date "2016.11.05"]
[Round "5.3"]
[White "Meister, Bernd Holger"]
[Black "Werner, Gregor"]
[Result "0-1"]
[WhiteElo "1812"]
[BlackElo "2128"]
[PlyCount "134"]
[EventDate "2016.11.03"]
[EventType "team-swiss"]
[EventRounds "7"]
[EventCountry "GER"]
[SourceTitle "EXT 2020"]
[Source "ChessBase"]
[SourceDate "2019.10.17"]
[SourceVersion "1"]
[SourceVersionDate "2019.10.17"]
[SourceQuality "1"]
[WhiteTeam "Hamburg Transit"]
[BlackTeam "Wiesbaden R+V Versicherung"]
[WhiteTeamCountry "GER"]
[BlackTeamCountry "GER"]

1. d4 Nf6 2. Nf3 g6 3. c4 Bg7 4. Nc3 0-0 5. g3 d6 6. Bg2 Nc6 7. 0-0 e5 8. e4 Bg4 9. d5 Nd4 10. Be3 Re8 11. h3 Nxf3+ 12. Bxf3 Bxh3 13. Re1 Qd7 14. Qa4 Qe7 15. Qd1 Rf8 16. Kh2 Bc8 17. Bg5 h6 18. Be3 Ne8 19. Qd2 h5 20. Rh1 Nf6 21. Bg5 a6 22. Kg2 Qe8 23. Bh6 Bg4 24. Bxg4 Nxg4 25. Bxg7 Kxg7 26. f3 Nf6 27. Rag1 Qe7 28. Qg5 Nxd5 29. Rxh5 Qxg5 30. Rxg5 Ne3+ 31. Kf2 f6 32. Rxg6+ Kxg6 33. Kxe3 c6 34. Rd1 Rad8 35. Ne2 f5 36. exf5+ Kxf5 37. g4+ Ke6 38. Ng3 d5 39. cxd5+ cxd5 40. Nf5 Rh8 41. Ng7+ Kf6 42. Nh5+ Kg5 43. Ng7 Rd7 44. Ne6+ Kf6 45. Nc5 d4+ 46. Ke4 Re7 47. Rd2 Rh1 48. Kd5 Rf1 49. Ne4+ Kg6 50. Kd6 Re8 51. Rd3 Re1 52. Kd7 Rh8 53. Rb3 Rf8 54. Rb6+ Kg7 55. Ng5 Rf6 56. Ne6+ Kg6 57. g5 Rxe6 58. Kxe6 Kxg5 59. Rxb7 Kf4 60. Rf7+ Ke3 61. Kxe5 d3 62. f4 d2 63. Rd7 d1Q 64. Rxd1 Rxd1 65. f5 Rd2 66. f6 Rf2 67. Ke6 Kd4 0-1

[Event "GER-chT Betriebe 16th"]
[Site "Dresden"]
[Date "2016.11.05"]
[Round "6.3"]
[White "Werner, Gregor"]
[Black "Broszeit, Peter"]
[Result "1/2-1/2"]
[WhiteElo "2128"]
[BlackElo "1970"]
[PlyCount "50"]
[EventDate "2016.11.03"]
[EventType "team-swiss"]
[EventRounds "7"]
[EventCountry "GER"]
[SourceTitle "EXT 2020"]
[Source "ChessBase"]
[SourceDate "2019.10.17"]
[SourceVersion "1"]
[SourceVersionDate "2019.10.17"]
[SourceQuality "1"]
[WhiteTeam "Wiesbaden R+V Versicherung"]
[BlackTeam "Essen RWE"]
[WhiteTeamCountry "GER"]
[BlackTeamCountry "GER"]

1. d4 Nf6 2. c4 c5 3. d5 b5 4. Nd2 d6 5. e4 g6 6. Ngf3 Nbd7 7. cxb5 a6 8. bxa6 Bg7 9. Bd3 0-0 10. 0-0 Bxa6 11. Bxa6 Rxa6 12. Qe2 Qb6 13. a3 Rb8 14. Re1 Qb5 15. Qxb5 Rxb5 16. Rb1 Nb6 17. b3 Nfd7 18. a4 Rba5 19. Bb2 Bxb2 20. Rxb2 c4 21. Nxc4 Nxc4 22. bxc4 Nc5 23. Ra2 Rxa4 24. Rxa4 Rxa4 25. Nd2 Ra2 1/2-1/2

[Event "GER-chT Betriebe 16th"]
[Site "Dresden"]
[Date "2016.11.05"]
[Round "4.3"]
[White "Werner, Gregor"]
[Black "Gempe, Anet"]
[Result "1/2-1/2"]
[WhiteElo "2128"]
[BlackElo "2027"]
[PlyCount "72"]
[EventDate "2016.11.03"]
[EventType "team-swiss"]
[EventRounds "7"]
[EventCountry "GER"]
[SourceTitle "EXT 2020"]
[Source "ChessBase"]
[SourceDate "2019.10.17"]
[SourceVersion "1"]
[SourceVersionDate "2019.10.17"]
[SourceQuality "1"]
[WhiteTeam "Wiesbaden R+V Versicherung"]
[BlackTeam "Muenchen ADAC"]
[WhiteTeamCountry "GER"]
[BlackTeamCountry "GER"]

1. d4 e6 2. e4 d5 3. Nc3 Nf6 4. Bg5 Be7 5. e5 Nfd7 6. Bxe7 Qxe7 7. f4 0-0 8. Nf3 c5 9. Qd2 Nc6 10. dxc5 Nxc5 11. 0-0-0 a6 12. Kb1 b5 13. Bd3 b4 14. Ne2 a5 15. Ned4 Nxd4 16. Nxd4 Ba6 17. Qe3 Bxd3 18. cxd3 Rfc8 19. Nb5 Na4 20. Rc1 h6 21. Nd6 Rcb8 22. Ka1 Qa7 23. Qxa7 Rxa7 24. Rc6 Nb6 25. Rxb6 Rxb6 26. Nc8 Rbb7 27. Nxa7 Rxa7 28. Rc1 Kf8 29. Kb1 h5 30. Rc8+ Ke7 31. Kc2 Kd7 32. Rg8 g6 33. Kb3 Kc6 34. Rc8+ Kb5 35. Rb8+ Kc5 36. Kc2 Kd4 1/2-1/2

[Event "GER-chT Betriebe 16th"]
[Site "Dresden"]
[Date "2016.11.03"]
[Round "2.3"]
[White "Werner, Gregor"]
[Black "Kaliski, Achim"]
[Result "1-0"]
[WhiteElo "2128"]
[BlackElo "1976"]
[PlyCount "26"]
[EventDate "2016.11.03"]
[EventType "team-swiss"]
[EventRounds "7"]
[EventCountry "GER"]
[SourceTitle "EXT 2020"]
[Source "ChessBase"]
[SourceDate "2019.10.17"]
[SourceVersion "1"]
[SourceVersionDate "2019.10.17"]
[SourceQuality "1"]
[WhiteTeam "Wiesbaden R+V Versicherung"]
[BlackTeam "Hamburg Baubehoerde"]
[WhiteTeamCountry "GER"]
[BlackTeamCountry "GER"]

1. d4 f5 2. e4 fxe4 3. Nc3 Nf6 4. f3 e3 5. Bxe3 g6 6. Qd2 Bg7 7. 0-0-0 d5 8. Bh6 0-0 9. h4 c6 10. Bxg7 Kxg7 11. h5 Nxh5 12. g4 Nf4 13. Qh2 Rf7 1-0

[Event "Oberliga Sued W 1516"]
[Site "Germany"]
[Date "2016.04.10"]
[Round "9.5"]
[White "Werner, Gregor"]
[Black "Etienne, Eric"]
[Result "0-1"]
[WhiteElo "2131"]
[BlackElo "2071"]
[PlyCount "74"]
[EventDate "2015.09.20"]
[EventType "team-tourn"]
[EventRounds "9"]
[EventCountry "GER"]
[SourceTitle "EXT 2017"]
[Source "ChessBase"]
[SourceDate "2016.10.25"]
[SourceVersion "1"]
[SourceVersionDate "2016.10.25"]
[SourceQuality "1"]
[WhiteTeam "Worms"]
[BlackTeam "Saarbruecken Gambit"]
[WhiteTeamCountry "GER"]
[BlackTeamCountry "GER"]

1. d4 Nc6 2. Bf4 d6 3. d5 e5 4. Bg3 Nce7 5. e4 Nf6 6. f3 Ng6 7. Bb5+ Bd7 8. Bxd7+ Qxd7 9. Ne2 Be7 10. c4 c6 11. Nbc3 0-0 12. Bf2 c5 13. Be3 Nh5 14. Qd2 a6 15. a4 f5 16. exf5 Qxf5 17. 0-0 Nhf4 18. Ng3 Qd7 19. a5 Nh4 20. Bxf4 exf4 21. Nge4 Bf6 22. Nxf6+ Rxf6 23. Rae1 Rg6 24. Re2 Rf8 25. Kh1 Nf5 26. Rfe1 Nd4 27. Re7 Qf5 28. Rxb7 Qh5 29. Qf2 Nf5 30. Re6 Ne3 31. Rxg6 Qxg6 32. Qd2 Rf5 33. Ne4 h6 34. Re7 Rg5 35. g4 Rxg4 36. Nf6+ gxf6 37. fxg4 Qb1+ 0-1

[Event "Oberliga Sued W 1516"]
[Site "Germany"]
[Date "2016.01.31"]
[Round "6.6"]
[White "Bohn, Thomas"]
[Black "Werner, Gregor"]
[Result "1/2-1/2"]
[WhiteElo "2336"]
[BlackElo "2131"]
[PlyCount "117"]
[EventDate "2015.09.20"]
[EventType "team-tourn"]
[EventRounds "9"]
[EventCountry "GER"]
[SourceTitle "EXT 2017"]
[Source "ChessBase"]
[SourceDate "2016.10.25"]
[SourceVersion "1"]
[SourceVersionDate "2016.10.25"]
[SourceQuality "1"]
[WhiteTeam "Koblenz"]
[BlackTeam "Worms"]
[WhiteTeamCountry "GER"]
[BlackTeamCountry "GER"]

1. f4 d5 2. Nf3 Nf6 3. e3 Bg4 4. c4 e6 5. Qb3 Bxf3 6. gxf3 Nbd7 7. Qxb7 Bd6 8. Qc6 0-0 9. d4 dxc4 10. Bxc4 Rb8 11. Be2 Rb6 12. Qc2 c5 13. dxc5 Bxc5 14. Bc4 Nd5 15. Bxd5 exd5 16. 0-0 d4 17. exd4 Bxd4+ 18. Kh1 Qh4 19. Nc3 Bxc3 20. bxc3 Re8 21. Qf2 Qxf2 22. Rxf2 Re1+ 23. Kg2 Rg6+ 24. Kh3 Rgg1 25. Rd2 Nf8 26. Ba3 Rxa1 27. Rd8 h5 28. Rxf8+ Kh7 29. Rxf7 Rxa2 30. Bc5 Rgg2 31. f5 Rxh2+ 32. Kg3 Rhg2+ 33. Kh3 Kg8 34. Rf8+ Kh7 35. Rf7 Rg5 36. f4 Rg4 37. Bd6 Ra1 38. Kh2 Kh6 39. Rf8 Kh7 40. Rf7 Rf1 41. Rxa7 Rf2+ 42. Kh1 Rfxf4 43. Bxf4 Rxf4 44. Ra5 Kg8 45. Kg2 Kf7 46. Rc5 Kf6 47. Kg3 Rxf5 48. Rc8 Ra5 49. Kf4 g5+ 50. Ke4 Ra7 51. Rc6+ Ke7 52. c4 h4 53. c5 Kd7 54. Kd5 Ra1 55. Rh6 Rd1+ 56. Ke5 Kc7 57. Ke4 Rd7 58. Rg6 h3 59. Rxg5 1/2-1/2

[Event "Oberliga Sued W 1516"]
[Site "Germany"]
[Date "2015.11.15"]
[Round "3.8"]
[White "Werner, Gregor"]
[Black "Brueckner, Eike"]
[Result "1/2-1/2"]
[WhiteElo "2131"]
[BlackElo "2106"]
[PlyCount "85"]
[EventDate "2015.09.20"]
[EventType "team-tourn"]
[EventRounds "9"]
[EventCountry "GER"]
[SourceTitle "CBM 170 Extra"]
[Source "ChessBase"]
[SourceDate "2016.02.25"]
[SourceVersion "1"]
[SourceVersionDate "2016.02.25"]
[SourceQuality "1"]
[WhiteTeam "Worms"]
[BlackTeam "Gau Algesheim"]
[WhiteTeamCountry "GER"]
[BlackTeamCountry "GER"]

1. d4 d5 2. Nf3 Nf6 3. e3 c5 4. c3 e6 5. Bd3 Be7 6. 0-0 0-0 7. Nbd2 b6 8. Ne5 Bb7 9. f4 Ne4 10. Qf3 f6 11. Ng4 f5 12. Ne5 cxd4 13. exd4 Nd7 14. Qe2 Nxe5 15. fxe5 Bc6 16. Nf3 Qd7 17. Bd2 a5 18. a3 Ba4 19. Be1 Rac8 20. Bh4 Bb3 21. Bxe7 Qxe7 22. Nd2 Nxd2 23. Qxd2 Bc4 24. Rf2 Bxd3 25. Qxd3 Rc4 26. Rc1 b5 27. Rfc2 Rb8 28. h3 Rc7 29. Kh2 Qh4 30. Qg3 Qxg3+ 31. Kxg3 Rbc8 32. Kf4 h6 33. Ke3 b4 34. axb4 axb4 35. Kd3 bxc3 36. Rxc3 Rxc3+ 37. bxc3 g5 38. Rb1 Kf7 39. Rb7+ Kg6 40. Rb6 Kf7 41. Rb7+ Kg6 42. Rb6 Kf7 43. Rb7+ 1/2-1/2

[Event "GER-chT Betriebe 15th"]
[Site "Munich"]
[Date "2015.10.23"]
[Round "6.3"]
[White "Wahedi, Ahmad Siar"]
[Black "Werner, Gregor"]
[Result "1-0"]
[WhiteElo "2286"]
[BlackElo "2125"]
[PlyCount "45"]
[EventDate "2015.10.22"]
[EventType "team-swiss"]
[EventRounds "7"]
[EventCountry "GER"]
[SourceTitle "EXT 2020"]
[Source "ChessBase"]
[SourceDate "2019.10.17"]
[SourceVersion "1"]
[SourceVersionDate "2019.10.17"]
[SourceQuality "1"]
[WhiteTeam "Frankfurt AGI"]
[BlackTeam "Wiesbaden R+V Versicherung"]
[WhiteTeamCountry "GER"]
[BlackTeamCountry "GER"]

1. e4 d6 2. Nc3 Nf6 3. g3 g6 4. Bg2 Bg7 5. Nge2 0-0 6. 0-0 e5 7. h3 c6 8. d3 d5 9. f4 exf4 10. e5 Nfd7 11. gxf4 d4 12. Ne4 f6 13. c3 fxe5 14. Qb3+ Kh8 15. Bd2 Na6 16. fxe5 Ndc5 17. Nxc5 Nxc5 18. Qc4 b6 19. Rxf8+ Qxf8 20. Rf1 Qe8 21. cxd4 Ba6 22. Qc3 Bxd3 23. Re1 1-0

[Event "GER-chT Betriebe 15th"]
[Site "Munich"]
[Date "2015.10.23"]
[Round "3.3"]
[White "Werner, Gregor"]
[Black "Lunnebach, Oliver"]
[Result "0-1"]
[WhiteElo "2125"]
[BlackElo "2120"]
[PlyCount "78"]
[EventDate "2015.10.22"]
[EventType "team-swiss"]
[EventRounds "7"]
[EventCountry "GER"]
[SourceTitle "EXT 2020"]
[Source "ChessBase"]
[SourceDate "2019.10.17"]
[SourceVersion "1"]
[SourceVersionDate "2019.10.17"]
[SourceQuality "1"]
[WhiteTeam "Wiesbaden R+V Versicherung"]
[BlackTeam "Bonn Deutsche Post"]
[WhiteTeamCountry "GER"]
[BlackTeamCountry "GER"]

1. d4 d5 2. Nf3 Nf6 3. e3 c5 4. dxc5 Bg4 5. c4 Bxf3 6. Qxf3 e6 7. Nc3 Bxc5 8. cxd5 exd5 9. Be2 Nc6 10. 0-0 0-0 11. Rd1 d4 12. Nb5 Qb6 13. exd4 Nxd4 14. Nxd4 Bxd4 15. Bg5 Rfd8 16. Bd3 h6 17. Bh4 Qxb2 18. Rab1 Qxa2 19. Rxb7 Qd5 20. Qxd5 Rxd5 21. Bxf6 gxf6 22. Be2 Rad8 23. Kf1 a5 24. Rc1 R5d7 25. Rcc7 Rxc7 26. Rxc7 Rf8 27. Bc4 Kg7 28. g4 Bb2 29. Ra7 Bc3 30. Kg2 f5 31. gxf5 Kf6 32. f4 Kxf5 33. Kf3 f6 34. Rc7 Ra8 35. Bf1 Bd2 36. Bh3+ Kg6 37. Bd7 Kh5 38. Bg4+ Kh4 39. Rc4 h5 0-1

[Event "Oberliga Sued W 1415"]
[Site "Germany"]
[Date "2015.01.18"]
[Round "5.5"]
[White "Holle, Cedric"]
[Black "Werner, Gregor"]
[Result "1-0"]
[WhiteElo "1955"]
[BlackElo "2165"]
[PlyCount "75"]
[EventDate "2014.09.21"]
[EventType "team-tourn"]
[EventRounds "9"]
[EventCountry "GER"]
[SourceTitle "EXT 2019"]
[Source "ChessBase"]
[SourceDate "2018.10.10"]
[SourceVersion "1"]
[SourceVersionDate "2018.10.10"]
[SourceQuality "1"]
[WhiteTeam "Saarbruecken SVG"]
[BlackTeam "Worms"]
[WhiteTeamCountry "GER"]
[BlackTeamCountry "GER"]

1. e4 d6 2. d4 Nf6 3. Nc3 g6 4. f4 Bg7 5. Nf3 0-0 6. Be3 c6 7. h3 b5 8. e5 Nd5 9. Nxd5 cxd5 10. Qd2 a6 11. Bd3 Nc6 12. 0-0-0 Bd7 13. exd6 exd6 14. f5 Rc8 15. Bg5 Qb6 16. Bh6 Nxd4 17. Bxg7 Kxg7 18. f6+ Kxf6 19. Qf4+ Nf5 20. Bxf5 Bxf5 21. Nd4 Qc5 22. Rd2 Rfe8 23. Qh4+ Kg7 24. Nxf5+ gxf5 25. Qg5+ Kf8 26. Qxf5 Re5 27. Qf6 Rce8 28. Rhd1 h5 29. Rf2 Qe3+ 30. Kb1 Kg8 31. Qxf7+ Kh8 32. Qf6+ Kh7 33. g4 Qxh3 34. Qf7+ Kh8 35. Rf6 hxg4 36. Rg6 R5e7 37. Qf6+ Kh7 38. Rg5 1-0

[Event "Oberliga Sued W 1415"]
[Site "Germany"]
[Date "2014.12.07"]
[Round "4.5"]
[White "Fries, Frederik"]
[Black "Werner, Gregor"]
[Result "1-0"]
[WhiteElo "2170"]
[BlackElo "2165"]
[PlyCount "79"]
[EventDate "2014.09.21"]
[EventType "team-tourn"]
[EventRounds "9"]
[EventCountry "GER"]
[SourceTitle "EXT 2019"]
[Source "ChessBase"]
[SourceDate "2018.10.10"]
[SourceVersion "1"]
[SourceVersionDate "2018.10.10"]
[SourceQuality "1"]
[WhiteTeam "Schwarzenbach Caissa"]
[BlackTeam "Worms"]
[WhiteTeamCountry "GER"]
[BlackTeamCountry "GER"]

1. Nf3 Nf6 2. c4 g6 3. g3 Bg7 4. Bg2 0-0 5. d4 d6 6. 0-0 Nbd7 7. Nc3 e5 8. e4 c6 9. Be3 Re8 10. h3 Qc7 11. Re1 exd4 12. Nxd4 Nc5 13. Qc2 a5 14. Rad1 Ne6 15. Nde2 Nc5 16. Nd4 Ne6 17. Nde2 Nc5 18. b3 Be6 19. f4 Qe7 20. Nd4 Rad8 21. Bf2 Bc8 22. Kh2 Nh5 23. Qd2 Qf8 24. Re2 Ne6 25. Nxe6 Bxe6 26. Bb6 Rd7 27. Bxa5 f5 28. Rf1 Nf6 29. Rfe1 fxe4 30. Nxe4 Nxe4 31. Rxe4 Bf7 32. Rxe8 Bxe8 33. Bb4 Bf7 34. Rd1 Qd8 35. Bxd6 c5 36. Bd5 Bd4 37. Bxc5 Rxd5 38. Bxd4 Rd6 39. Qc3 g5 40. Bh8 1-0

[Event "Oberliga Sued W 1415"]
[Site "Germany"]
[Date "2014.10.19"]
[Round "2.5"]
[White "Schlick, Volker"]
[Black "Werner, Gregor"]
[Result "0-1"]
[WhiteElo "2343"]
[BlackElo "2165"]
[PlyCount "82"]
[EventDate "2014.09.21"]
[EventType "team-tourn"]
[EventRounds "9"]
[EventCountry "GER"]
[SourceTitle "EXT 2019"]
[Source "ChessBase"]
[SourceDate "2018.10.10"]
[SourceVersion "1"]
[SourceVersionDate "2018.10.10"]
[SourceQuality "1"]
[WhiteTeam "Koblenz SV"]
[BlackTeam "Worms"]
[WhiteTeamCountry "GER"]
[BlackTeamCountry "GER"]

1. e4 d6 2. d4 Nf6 3. Nc3 g6 4. g3 Bg7 5. Bg2 0-0 6. Nge2 e5 7. h3 exd4 8. Nxd4 Nc6 9. 0-0 Bd7 10. Nxc6 bxc6 11. Be3 Re8 12. Qd2 Rb8 13. Bxa7 Rxb2 14. Bd4 Rb4 15. e5 dxe5 16. Be3 Qc8 17. Kh2 Qa6 18. Rfe1 Rbb8 19. Bg5 Be6 20. Bxf6 Bxf6 21. Ne4 Bg7 22. Bf1 Qa7 23. Qe2 Bd5 24. Ng5 h6 25. c4 hxg5 26. cxd5 cxd5 27. Rad1 c6 28. Rc1 c5 29. Bg2 e4 30. Qd2 Rbd8 31. Qxg5 Qxa2 32. Rxc5 Qxf2 33. Rcc1 Bf6 34. Qg4 Kg7 35. Rf1 Qb6 36. Qe2 Qd6 37. Qb5 Rb8 38. Rc6 Qxg3+ 39. Kxg3 Be5+ 40. Kg4 Rxb5 41. Ra6 Rb3 0-1

[Event "Rheinland Pfalz op 5th"]
[Site "Worms"]
[Date "2013.06.01"]
[Round "6"]
[White "Mueller, Michael4444"]
[Black "Werner, Gregor"]
[Result "0-1"]
[WhiteElo "1903"]
[BlackElo "2163"]
[PlyCount "72"]
[EventDate "2013.05.30"]
[EventType "swiss"]
[EventRounds "7"]
[EventCountry "GER"]
[SourceTitle "EXT 2014"]
[Source "ChessBase"]
[SourceDate "2013.11.20"]
[SourceVersion "1"]
[SourceVersionDate "2013.11.20"]
[SourceQuality "1"]

1. d4 Nf6 2. Bf4 g6 3. e3 Bg7 4. Nf3 0-0 5. Be2 d6 6. 0-0 Nbd7 7. c3 e6 8. h3 Qe7 9. Nbd2 b6 10. Bh2 Bb7 11. Qc2 e5 12. c4 exd4 13. Nxd4 a5 14. Bf3 Bxf3 15. N2xf3 Nc5 16. Nb3 Nxb3 17. Qxb3 Ne4 18. Qc2 f5 19. Nd2 Nc5 20. Nb3 Nxb3 21. Qxb3 a4 22. Qa3 g5 23. Rad1 Qf6 24. Rd2 f4 25. exf4 gxf4 26. Qf3 Rae8 27. Qd5+ Kh8 28. f3 Qh4 29. Kh1 Re1 30. Rxe1 Qxe1+ 31. Bg1 Re8 32. Rd1 Qe6 33. Qb5 Qg6 34. Rd2 Re1 35. Qxa4 h6 36. Qc2 Qxc2 0-1

[Event "Rheinland Pfalz op 5th"]
[Site "Worms"]
[Date "2013.05.30"]
[Round "2"]
[White "Wilhelm, Till"]
[Black "Werner, Gregor"]
[Result "1-0"]
[WhiteElo "1872"]
[BlackElo "2163"]
[PlyCount "83"]
[EventDate "2013.05.30"]
[EventType "swiss"]
[EventRounds "7"]
[EventCountry "GER"]
[SourceTitle "EXT 2014"]
[Source "ChessBase"]
[SourceDate "2013.11.20"]
[SourceVersion "1"]
[SourceVersionDate "2013.11.20"]
[SourceQuality "1"]

1. d4 Nf6 2. Bg5 g6 3. Bxf6 exf6 4. c4 Bg7 5. e3 0-0 6. g3 d5 7. cxd5 Qxd5 8. Nf3 Bg4 9. Bg2 c6 10. 0-0 Nd7 11. Nc3 Qh5 12. Ne4 Rad8 13. Ned2 c5 14. Qb3 b6 15. Qa3 a5 16. Rac1 f5 17. Qb3 cxd4 18. Nxd4 Rfe8 19. Nc6 Nc5 20. Qxb6 Rxd2 21. Qxc5 Rxb2 22. Rb1 a4 23. Ne7+ Kh8 24. Rxb2 Bxb2 25. Qb5 Rxe7 26. Qxb2+ Kg8 27. Rc1 Re8 28. Qb5 Rd8 29. Qxa4 Bf3 30. Qa5 Re8 31. a4 Qg4 32. Qb5 Rd8 33. Qb6 Ra8 34. h3 Qe4 35. Bxf3 Qxf3 36. a5 Qe2 37. Kg2 Qa2 38. Rc5 Qa1 39. Qc7 Qf6 40. Rc6 Qa1 41. a6 Qa4 42. Qb7 1-0

[Event "Oberliga Sued W 1011"]
[Site "Germany"]
[Date "2011.04.10"]
[Round "9.5"]
[White "Werner, Gregor"]
[Black "Herbold, Manfred"]
[Result "0-1"]
[WhiteElo "2093"]
[BlackElo "2081"]
[PlyCount "110"]
[EventDate "2010.10.10"]
[EventType "team-tourn"]
[EventRounds "9"]
[EventCountry "GER"]
[SourceTitle "EXT 2012"]
[Source "ChessBase"]
[SourceDate "2011.11.24"]
[SourceVersion "1"]
[SourceVersionDate "2011.11.24"]
[SourceQuality "1"]
[WhiteTeam "Worms"]
[BlackTeam "Ludwigshafen"]
[WhiteTeamCountry "GER"]
[BlackTeamCountry "GER"]

1. d4 Nf6 2. Nf3 e6 3. Bf4 c5 4. c3 b6 5. e3 Bb7 6. Nbd2 cxd4 7. exd4 Be7 8. Bd3 Nh5 9. Be3 Qc7 10. Ne5 Nf6 11. 0-0 d6 12. Nef3 0-0 13. Bg5 Nbd7 14. Qe2 Rfe8 15. Rfe1 Nf8 16. Ne4 Nxe4 17. Bxe4 Bxe4 18. Qxe4 d5 19. Qd3 a6 20. Bxe7 Qxe7 21. a4 Rec8 22. g3 Qb7 23. Qe2 b5 24. axb5 axb5 25. Ne5 b4 26. Rxa8 Rxa8 27. Qf3 bxc3 28. bxc3 Rc8 29. h4 Ng6 30. Ng4 Qb2 31. h5 Rxc3 32. Qd1 Nf8 33. h6 Rc4 34. hxg7 Kxg7 35. Ne5 Rxd4 36. Qh5 Ng6 37. Kg2 Rh4 38. Qd1 Re4 39. Rxe4 dxe4 40. Nc4 Qc3 41. Ne3 Qc6 42. Qa1+ e5 43. Qb1 h5 44. Qb8 Qf6 45. Kf1 Qf3 46. Qd6 Kh6 47. Qd8 f6 48. Qg8 Kg5 49. Ke1 Qh1+ 50. Ke2 h4 51. gxh4+ Qxh4 52. Ke1 Qh8 53. Qe6 Qh1+ 54. Kd2 Qf3 55. Ke1 Qe2+ 0-1